LEADER 00943nam2-2200277---450 001 996648071703316 005 20250318091232.0 100 $a20060606d1863----km-y0itay5003----ba 101 0 $aita 102 $aIT 105 $ac|||z|||001yb 200 1 $aAleardo Aleardi$fper Augusto Bazzoni 210 $aTorino$cdall'Unione tipografico-editrice$d1863 215 $a76 p., 1 ritratto$d14 cm 225 2 $a<> contemporanei italiani$egalleria nazionale del secolo XIX$v[66] 410 0$1001996646372203316$12001$a<> contemporanei italiani$egalleria nazionale del secolo XIX$v, [66] 600 1$aAleardi,$bAleardo$xBiografie$xOpere anteriori al 1900$2BNCF 676 $a851.8 700 1$aBAZZONI,$bAugusto$0794480 801 0$aIT$bcba$gREICAT 912 $a996648071703316 951 $aFV.V. A Coll. 2/ 7(FV B 12 2 39)$b5179 F.V.$cFV.V. A Coll. 959 $aBK 969 $aVEN 996 $aAleardo Aleardi$91783624 997 $aUNISA